Ont-ils déjà joué avec... Joseph Gordon-Levitt ? - Statistiques

Statistiques générales
  • Ce quiz a été pris 11 fois
  • Le résultat moyen est 3 sur 10
Answers on the Grid
Answers color-coded by a green-red scale on the quiz's grid according to % correct below.
Charlotte Le Bon
Matt Damon
Madonna
George Clooney
Saoirse Ronan
Ralph Fiennes
Colin Firth
Sean Connery
Renée Zellweger
Nicole Kidman
Keira Knightley
Jessica Alba
Julianne Moore
Miley Cyrus
Matthew McConaughey
Demi Moore
Channing Tatum
Adrien Brody
Anne Hathaway
Jamie Foxx
 
Statistiques - réponses
Réponse % Correct
Anne Hathaway
55%
Julianne Moore
45%
Matthew McConaughey
45%
Adrien Brody
36%
Channing Tatum
36%
Charlotte Le Bon
36%
Demi Moore
36%
Jamie Foxx
36%
Jessica Alba
9%
Miley Cyrus
9%
Aucun quiz correspondant
Distribution des résultats
% des personnes avec chaque résultat
Percentile par nombre de réponses
Votre historique - résultats
Vous n’avez pas pris ce quiz